| 000 | 00513nam a2200217Ia 4500 | ||
|---|---|---|---|
| 003 | OSt | ||
| 005 | 20220920123226.0 | ||
| 008 | 210210b2011 xxu||||| |||| 00| 0 eng d | ||
| 040 | _cAL | ||
| 041 | _aeng | ||
| 082 | _a658.15 RAMF | ||
| 100 |
_aRAMAN (B S) _957995 |
||
| 245 | _aFinancial management | ||
| 250 | _a5 | ||
| 260 |
_aMangalore _bUnited Publishers _c2011 |
||
| 300 | _avi,342 | ||
| 650 |
_aBBM III SEM _957996 |
||
| 690 |
_aFinancial Management _957997 |
||
| 906 | _a065664 | ||
| 942 |
_2ddc _cBK |
||
| 999 |
_c146390 _d146390 |
||